[Event "18th Pobeskydi Chance Cup"]
[Site "Frydek Mistek CZE"]
[Date "2007.04.07"]
[Round "5"]
[White "Sadzikowski,D"]
[Black "Gumula,D"]
[Result "0-1"]
[WhiteElo "2118"]
[BlackElo "2373"]

1.e4 c5 2.Nf3 d6 3.d4 Nf6 4.Nc3 cxd4 5.Nxd4 a6 6.Be3 e6 7.f3 Nbd7 8.Qd2 Ne5
9.O-O-O b5 10.g4 b4 11.Nb1 Nfd7 12.Qxb4 d5 13.Qa4 Rb8 14.c3 Qb6 15.b3 dxe4
16.Nf5 Qc7 17.Ng3 Rb4 18.Qa3 Rd4 19.Qxf8+ Rxf8 20.Bxd4 Nxf3 21.Nxe4 Qf4+
22.Nbd2 Nxd4 23.cxd4 Bb7 24.Bd3 Bxe4 25.Bxe4 Ke7 26.Kb1 Nf6 27.Rhe1 Rd8 28.g5 Qxg5
29.Nf3 Qf4 30.Bc6 Kf8 31.a4 Rd6 32.Ba8 Rb6 33.Ka2 Qb8  0-1

[Event "18th Pobeskydi Radegast"]
[Site "Frydek Mistek CZE"]
[Date "2007.04.07"]
[Round "6"]
[White "Talla,V"]
[Black "Motuz,K"]
[Result "0-1"]
[WhiteElo "2432"]
[BlackElo "2311"]

1.e4 c5 2.Nf3 d6 3.d4 cxd4 4.Nxd4 Nf6 5.Nc3 a6 6.Be3 e5 7.Nb3 Be6 8.f3 Be7
9.Qd2 O-O 10.O-O-O a5 11.Bb5 Na6 12.Kb1 Nc7 13.Bb6 Qb8 14.Be2 a4 15.Nc1 a3
16.b3 Rc8 17.g4 d5 18.g5 d4 19.gxf6 dxc3 20.Qxc3 Bxf6 21.Qb4 Na6 22.Qxa3 Rc6
23.Be3 b5 24.Qa5 b4 25.Nd3 Nc7 26.Qxb4 Nb5 27.Bc5 Be7 28.c4 Rxc5 29.cxb5 Rxb5
30.Qxe7 Rxb3+ 31.axb3 Qxb3+ 32.Nb2 Ra1+  0-1

[Event "45th Doeberl Cup"]
[Site "Canberra AUS"]
[Date "2007.04.08"]
[Round "6"]
[White "Rogers,I"]
[Black "Solomon,SJ"]
[Result "1/2-1/2"]
[WhiteElo "2526"]
[BlackElo "2430"]

1.e4 c5 2.Nf3 d6 3.d4 cxd4 4.Nxd4 Nf6 5.Nc3 a6 6.Be3 Ng4 7.Bc1 Nc6 8.f3 Qb6
9.Nd5 Qxd4 10.Qxd4 Nxd4 11.Nc7+ Kd8 12.Nxa8 Nxc2+ 13.Kd2 Nxa1 14.fxg4 b5
15.Nb6 Bb7 16.Nd5 e6 17.Nc3 b4 18.Bd3 Be7 19.Ke2 bxc3 20.bxc3 Bf6 21.Bd2  1/2-1/2

[Event "ch-Catalonia"]
[Site "Barcelona ESP"]
[Date "2007.04.09"]
[Round "9"]
[White "Ferrer Serrabssa,J"]
[Black "Lorente Munoz,R"]
[Result "0-1"]
[WhiteElo "2049"]
[BlackElo "1966"]

1.e4 c5 2.Nf3 d6 3.d4 cxd4 4.Nxd4 Nf6 5.Nc3 a6 6.Be3 Bd7 7.Be2 e6 8.O-O Be7
9.Kh1 Nc6 10.f4 O-O 11.Bf3 Rc8 12.Nxc6 Bxc6 13.Qd2 Qc7 14.Qf2 b5 15.a3 Qb7
16.e5 Ne4 17.Bxe4 Bxe4 18.exd6 Bxd6 19.Rad1 Be7 20.Nxe4 Qxe4 21.c3 Bf6 22.Bb6 Qc6
23.Rd3 Rb8 24.Ba5 Be7 25.Rfd1 g6 26.Bb4 Bxb4 27.axb4 Rbc8 28.Rd6 Qb7 29.Qb6 Qxb6
30.Rxb6 Rfd8 31.Rdd6 Rxd6 32.Rxd6 Ra8 33.Kg1 Kf8 34.Kf2 Ke7 35.Rb6 Ra7 36.Ke3 Kf6
37.g4 h6 38.b3 Ke7 39.Rb8 Rc7 40.Kd3 Rc6 41.Rh8 g5 42.Rxh6 gxf4 43.Rh3 Kf6
44.Rf3 Kg5 45.h3 f5 46.gxf5 Kxf5 47.Rf1 e5 48.c4 Rd6+ 49.Ke2 bxc4 50.bxc4 e4
51.Rg1 Rh6 52.c5 Rxh3 53.Rg8 Rh2+ 54.Ke1 e3 55.Re8 Rb2 56.c6 Rc2 57.Rc8 f3
58.Rf8+ Ke4 59.Re8+ Kd3 60.Rd8+ Kc3 61.c7 f2+  0-1

[Event "FSIMB April"]
[Site "Budapest HUN"]
[Date "2007.04.11"]
[Round "5"]
[White "Mihok,O"]
[Black "Niemi,K"]
[Result "1-0"]
[WhiteElo "2357"]
[BlackElo "2288"]

1.e4 c5 2.Nf3 d6 3.d4 Nf6 4.Nc3 cxd4 5.Nxd4 a6 6.Be3 e5 7.Nb3 Be6 8.f3 Be7
9.Qd2 O-O 10.O-O-O Nbd7 11.g4 b5 12.g5 b4 13.Ne2 Ne8 14.f4 a5 15.f5 a4 16.fxe6 axb3
17.exf7+ Rxf7 18.Kb1 Rxa2 19.Nc1 Qa8 20.Nxb3 Kh8 21.Bb5 Bxg5 22.Bxg5 Nc5
23.Qd5 Qa7 24.Rhf1 Nxb3 25.cxb3 Rxf1 26.Bxf1  1-0

[Event "TCh-UKR"]
[Site "Alushta UKR"]
[Date "2007.04.23"]
[Round "2"]
[White "Kovchan,A"]
[Black "Borovikov,V"]
[Result "0-1"]
[WhiteElo "2527"]
[BlackElo "2584"]

1.e4 c5 2.Nf3 d6 3.d4 cxd4 4.Nxd4 Nf6 5.Nc3 a6 6.Be3 e5 7.Nb3 Be6 8.f3 Nbd7
9.Qd2 b5 10.a4 b4 11.Nd5 Bxd5 12.exd5 Nb6 13.Bxb6 Qxb6 14.a5 Qb7 15.Bc4 Be7
16.Ra4 Rb8 17.Qd3 Ra8 18.Qd2 Rb8 19.Qd3 Ra8 20.Nc1 O-O 21.Na2 Nd7 22.Qd2 Qc7
23.Qxb4 Nc5 24.Ra3 Rab8 25.Qc3 e4 26.b4 Bf6 27.Qd2 exf3 28.Rxf3 Rfe8+ 29.Be2 Ne4
30.Qd3 Rxb4 31.Nxb4 Bc3+ 32.Kf1 Nd2+ 33.Qxd2 Bxd2 34.Nc6 Bxa5 35.g3 Qb6 36.Bd3 Qc5
37.c4 Re3 38.Kg2 Rxf3 39.Kxf3 Bb6 40.Kg2 Qf2+ 41.Kh3 g6 42.c5 Bxc5 43.Rf1 Qa2
44.Be4 Qe2 45.Rf4 Bg1 46.Bg2 Qh5+ 47.Rh4 Qf5+ 48.Rg4 Qh5+ 49.Rh4 Qf5+ 50.Rg4 Kg7
51.Be4 Qd7 52.Kh4 f5  0-1

[Event "9th Open"]
[Site "Dubai UAE"]
[Date "2007.04.24"]
[Round "3"]
[White "Alavi,S"]
[Black "Ghaem Maghami,E"]
[Result "1-0"]
[WhiteElo "2485"]
[BlackElo "2599"]

1.e4 c5 2.Nf3 d6 3.d4 cxd4 4.Nxd4 Nf6 5.Nc3 a6 6.Be3 e5 7.Nb3 Be7 8.f3 Be6
9.Qd2 O-O 10.O-O-O Nbd7 11.g4 Nb6 12.Kb1 Rc8 13.h4 Qc7 14.h5 d5 15.Bxb6 Qxb6
16.g5 d4 17.Na4 Qa7 18.gxf6 Bxf6 19.Qa5 Bxb3 20.axb3 Rc6 21.b4 b5 22.Nc5 Rb8
23.Bh3 Bd8 24.Qa2 a5 25.Qd5 Rc7 26.Rdg1 Re7 27.Qd6 Re8 28.Nd7  1-0

[Event "9th Open"]
[Site "Dubai UAE"]
[Date "2007.04.25"]
[Round "4"]
[White "Narayanan,Sr"]
[Black "Gopal,G"]
[Result "1/2-1/2"]
[WhiteElo "2280"]
[BlackElo "2455"]

1.e4 c5 2.Nf3 d6 3.d4 cxd4 4.Nxd4 Nf6 5.Nc3 a6 6.Be3 e5 7.Nb3 Be6 8.f3 h5
9.Qd2 Nbd7 10.Nd5 Bxd5 11.exd5 Qc7 12.O-O-O Rc8 13.Kb1 g6 14.c4 Bg7 15.Be2 b6
16.Rc1 Nc5 17.Qc2 Nxb3 18.Qxb3 Nd7 19.Qc2 a5 20.Rhd1 Nc5 21.f4 exf4 22.Bd4 Be5
23.Bxe5 dxe5 24.d6 Qd7 25.Rd5 O-O 26.Rxe5 Qxd6 27.Rd5 Qf6 28.Rcd1 Rfe8 29.Bf3 Re6
30.b3 Rce8 31.Qb2 Qh4 32.h3 Re1 33.Qc1 R1e3 34.Rd6 R3e6 35.R6d4 Ne4 36.Qc2 Qe7
37.Qc1 a4 38.Qc2 axb3 39.axb3 Nc5 40.Bd5 Re3 41.Qxg6+ Kf8 42.Qh6+ Kg8 43.Qg6+ Kf8
44.Qh6+ Kg8 45.Qg6+ Kf8  1/2-1/2

[Event "TCh-UKR"]
[Site "Alushta UKR"]
[Date "2007.04.26"]
[Round "6"]
[White "Nosov,M"]
[Black "Kovchan,A"]
[Result "1/2-1/2"]
[WhiteElo "2172"]
[BlackElo "2527"]

1.e4 c5 2.Nf3 d6 3.d4 cxd4 4.Nxd4 Nf6 5.Nc3 a6 6.Be3 e5 7.Nde2 Nbd7 8.f4 b5
9.Ng3 Bb7 10.Be2 b4 11.Nd5 Nxd5 12.exd5 g6 13.O-O Bg7 14.f5 Nf6 15.Bf3 O-O
16.Qd2 Qd7 17.Bh6 Ne8 18.Bxg7  1/2-1/2

[Event "I Open Casino"]
[Site "Lugano SUI"]
[Date "2007.04.30"]
[Round "3"]
[White "Delchev,A"]
[Black "Gallagher,Jo"]
[Result "1/2-1/2"]
[WhiteElo "2600"]
[BlackElo "2509"]

1.e4 c5 2.Nf3 d6 3.d4 cxd4 4.Nxd4 Nf6 5.Nc3 a6 6.Be3 e5 7.Nf3 Qc7 8.a4 Be7
9.a5 O-O 10.Be2 Nbd7 11.O-O b5 12.axb6 Nxb6 13.Nd2 Bb7 14.Bxb6 Qxb6 15.Nc4 Qc5
16.Ra5 Qc7 17.Qd3 Rfd8 18.Bf3 Rac8 19.b3 Rd7 20.Ra2 g6 21.Rd1 Bd8 22.Qe2 h5
23.g3 Be7 24.Rd3 Rb8 25.Bg2 Rdd8 26.Ne3 a5 27.Ncd5 Nxd5 28.Nxd5 Bxd5 29.Rxd5 Ra8
30.Bf1 Rdc8 31.Qd2 Kg7 32.Bh3 Rh8 33.Rdxa5 Bg5 34.Qd5 Rxa5 35.Qxa5 Qxa5 36.Rxa5 Bd2
37.Ra7 Kf6 38.Bf1 Re8 39.Bc4 Re7 40.Ra6 Bb4 41.Ra4 Bc5 42.Bd5 g5 43.Rc4 Rc7
44.b4 Bb6 45.Rxc7 Bxc7 46.Kg2 Bb6 47.c3 h4 48.Bb7 Ke7 49.Bc8 Kd8 50.Bg4 Ke7
51.Kf3 Ba7 52.b5 Bc5 53.Bh3 Bb6 54.Bg2 f6 55.Bh3 Bc5 56.Bc8 Kd8 57.Be6 Kc7
58.Bc4 Bb6 59.gxh4 gxh4 60.h3 Bc5 61.Bd5 Kb6 62.Bc4 Kc7 63.Ke2 Kb6 64.f4 exf4
65.Kf3 Be3 66.Be2 Bd2 67.Kg4 Be1 68.c4 Bf2 69.Kf5 Bd4 70.Ke6 Kc7 71.Kf5 Kb6
72.Kxf4 Kc7 73.Kg4 Bf2 74.Kf5 Bd4 75.Ke6 Bc3 76.Kd5 Bb4 77.Ke6 Bc3 78.Bh5 Bb2
79.Be8 Bc3 80.Bc6 Bb2 81.Kf5 Bc3 82.Kg4 Be1 83.Bd5 Bf2  1/2-1/2

[Event "TCh-RUS HL"]
[Site "Sochi RUS"]
[Date "2007.05.04"]
[Round "2"]
[White "Kovchan,A"]
[Black "Benza,A"]
[Result "1-0"]
[WhiteElo "2527"]
[BlackElo "2320"]

1.e4 c5 2.Nf3 d6 3.d4 cxd4 4.Nxd4 Nf6 5.Nc3 a6 6.Be3 e6 7.f3 b5 8.g4 h6 9.Qd2 Nbd7
10.O-O-O Bb7 11.h4 b4 12.Na4 Qa5 13.b3 Nc5 14.a3 Nxa4 15.axb4 Qc7 16.bxa4 d5
17.e5 Nd7 18.f4 Nb6 19.Rh3 Nxa4 20.Bf2 Rc8 21.Be1 Nb6 22.f5 Nc4 23.Bxc4 Qxc4
24.Rb3 Bc6 25.fxe6 fxe6 26.Nxe6 Bd7 27.Nd4 Bxg4 28.Qg2 Bxd1 29.Qg6+ Kd8 30.Qb6+ Ke8
31.Rc3 Qxc3 32.Bxc3 Rxc3 33.Kxd1 Be7 34.Qxa6 Bxh4 35.Qg6+ Kd8 36.Qxg7 Re8
37.Qxh6 Bg3 38.Nb5 Rc4 39.Qg5+ Kd7 40.Qxg3 Rxb4 41.Nd6 Re7 42.Qg5  1-0

[Event "TCh-RUS HL"]
[Site "Sochi RUS"]
[Date "2007.05.09"]
[Round "7"]
[White "Aliavdin,N"]
[Black "Lanin,A"]
[Result "0-1"]
[WhiteElo "2421"]
[BlackElo "2465"]

1.e4 c5 2.Nf3 d6 3.d4 cxd4 4.Nxd4 Nf6 5.Nc3 a6 6.Be3 e5 7.Nb3 Be6 8.f3 Be7
9.Qd2 O-O 10.O-O-O Qc7 11.g4 Nbd7 12.g5 Nh5 13.Nd5 Bxd5 14.exd5 a5 15.Kb1 a4
16.Nc1 a3 17.b3 Nf4 18.h4 f6 19.g6 Nxg6 20.Bh3 f5 21.h5 Nh4 22.Rdf1 f4 23.Bg1 Nf5
24.Ne2 Nc5 25.Bxf5 Rxf5 26.Bxc5 Qxc5 27.Qd3 Raf8 28.c4 Rg5 29.Nc3 Qe3 30.Qc2 Rg3
31.h6 g6 32.Ne4 Rxf3 33.c5 Rxf1+ 34.Rxf1 dxc5 35.d6 Bh4 36.Qc4+ Kh8 37.Rd1 f3
38.Qd5 Qe2 39.Rd2 f2 40.Nxf2 Qf1+ 41.Nd1 Qf5+ 42.Rc2 Bg5 43.Qxc5 Qd3 44.Qxe5+ Bf6
45.Qe2 Qxd6 46.Rd2 Qf4 47.Rd7 Rc8 48.Qd2 Qe5 49.Rxh7+ Kxh7 50.Qd7+ Kxh6 51.Qxc8 Qa1+
52.Kc2 Qxa2+  0-1

[Event "TCh-RUS HL"]
[Site "Sochi RUS"]
[Date "2007.05.09"]
[Round "7"]
[White "Yemelin,V"]
[Black "Voitsekhovsky,S"]
[Result "1/2-1/2"]
[WhiteElo "2564"]
[BlackElo "2503"]

1.e4 c5 2.Nf3 d6 3.d4 cxd4 4.Nxd4 Nf6 5.Nc3 a6 6.Be3 e5 7.Nb3 Be7 8.Qd2 Ng4
9.g3 Nxe3 10.Qxe3 Be6 11.O-O-O Nd7 12.f4 b5 13.Kb1 Qb6 14.Qe2 O-O 15.f5 Bc4
16.Qf3 Rfc8 17.Nd2 Rab8 18.h4 Qc6 19.Bd3 Nb6 20.g4 Bxd3 21.Qxd3 b4 22.Nd5 Nxd5
23.exd5 Qb5 24.Qf3 Qc5 25.Qd3 Qb5 26.Qf3 Qc5 27.Qd3  1/2-1/2

[Event "Grand Prix Open"]
[Site "Galatzi ROM"]
[Date "2007.05.11"]
[Round "4"]
[White "Cioara,A"]
[Black "Richard,Se"]
[Result "1-0"]
[WhiteElo "2426"]
[BlackElo "2086"]

1.e4 c5 2.Nf3 d6 3.d4 cxd4 4.Nxd4 Nf6 5.Nc3 a6 6.Be3 e6 7.f3 b5 8.g4 Bb7
9.Qd2 Nfd7 10.O-O-O Nb6 11.Bd3 N8d7 12.Qf2 Qc7 13.Kb1 Rc8 14.h4 Nc4 15.Bxc4 Qxc4
16.Nb3 Qc7 17.g5 Be7 18.h5 f5 19.exf5 b4 20.fxe6 bxc3 21.exd7+ Qxd7 22.h6 g6
23.Bc1 Rf8 24.Nd4 cxb2 25.Bxb2 Bd5 26.Rhe1 Kf7 27.Nb3 Bxb3 28.axb3 Qf5 29.Qd4 Qxg5
30.Qg7+ Ke8 31.Rxd6 Rxc2 32.Rde6 Rc7 33.Ba3 Rf7 34.Qg8+ Rf8 35.Qxh7 Rf7 36.Rxe7+  1-0

[Event "TCh-RUS HL"]
[Site "Sochi RUS"]
[Date "2007.05.11"]
[Round "9"]
[White "Matlakov,M"]
[Black "Benza,A"]
[Result "0-1"]
[WhiteElo "2440"]
[BlackElo "2320"]

1.e4 c5 2.Nf3 d6 3.d4 cxd4 4.Nxd4 Nf6 5.Nc3 a6 6.Be3 e6 7.Be2 Be7 8.O-O O-O
9.f4 Nc6 10.Kh1 Bd7 11.a4 Qc7 12.Nb3 b6 13.Bf3 Rab8 14.g4 Bc8 15.g5 Nd7 16.Bg2 Re8
17.Qe2 Bf8 18.Rf3 g6 19.Rh3 Bg7 20.Qd2 Bf8 21.Qf2 Bg7 22.Qh4 Nf8 23.f5 Bxc3
24.f6 h5 25.bxc3 Ne5 26.Rd1 Bb7 27.Bd4 Nfd7 28.Nc1 Rec8 29.Nd3 Kf8 30.Nf4 Ke8
31.Qg3 Rd8 32.Rxh5 gxh5 33.Nxh5 Nc5 34.Ng7+ Kd7 35.Bxe5 Nxe4 36.Qe3 Qc5 37.Qxc5 bxc5
38.Kg1 Kc7 39.Bf4 Nxc3 40.Rd2 e5 41.Be3 Bxg2 42.Kxg2 Ne4 43.Rd1 Kc6 44.Nf5 Rb2
45.Kf3 Nc3 46.Ne7+ Kd7 47.Rd2 Ke6 48.Bxc5 d5 49.Rg2 Nxa4 50.Ba3 Ra2 51.Bb4 Rb8
52.Nc6 Rc8 53.g6 fxg6 54.Rxg6 Rxc6 55.f7+ Kxf7 56.Rxc6 Nb2 57.Rd6 a5 58.Bc5 d4
59.Ke4 Nc4 60.Rd7+ Ke6 61.Re7+ Kf6 62.Kd3 Ne3 63.Rxe5 Kxe5 64.Bxd4+ Kd5 65.Bxe3 Ra3+
66.Kd2 Kc4 67.Bf4 Ra1 68.Be5 Rh1  0-1

[Event "TCh-RUS HL"]
[Site "Sochi RUS"]
[Date "2007.05.11"]
[Round "9"]
[White "Yemelin,V"]
[Black "Aliavdin,N"]
[Result "1-0"]
[WhiteElo "2564"]
[BlackElo "2421"]

1.e4 c5 2.Nf3 d6 3.d4 cxd4 4.Nxd4 Nf6 5.Nc3 a6 6.Be3 e5 7.Nb3 Be6 8.f4 exf4
9.Bxf4 Nc6 10.Qe2 Nd7 11.O-O-O Nce5 12.Qe1 Be7 13.Nd4 O-O 14.g3 Re8 15.Nxe6 fxe6
16.Bh3 Bf8 17.Ne2 Qb6 18.Qc3 Nf6 19.Be3 Qc6 20.Qxc6 bxc6 21.Bg2 c5 22.Rhe1 Rab8
23.Bf4 Nfd7 24.h4 Rb6 25.Bh3 g6 26.b3 Nf7 27.Be3 Bg7 28.Nf4 Nf8 29.Nd3 Ne5
30.Bf4 Nfd7 31.Rf1 c4 32.Nxe5 Bxe5 33.Bxe5 Nxe5 34.Rf6 Kg7 35.Rxe6 Rxe6 36.Bxe6 cxb3
37.axb3 Kf6 38.Bd5 Ke7 39.Rf1 Rb8 40.Kd2 Rb6 41.Ra1 h6 42.c3 Kf6 43.b4 g5
44.Kc2 Kg6 45.Kb3 Kh5 46.hxg5 hxg5 47.Be6 Kg6 48.Bc8 Nf3 49.Rxa6  1-0

[Event "25th Liechtenstein Open"]
[Site "Triesen LIE"]
[Date "2007.05.11"]
[Round "1"]
[White "Klocker,B"]
[Black "Hoffmann,Mi1"]
[Result "1-0"]
[WhiteElo "2063"]
[BlackElo "2473"]

1.e4 c5 2.Nf3 d6 3.d4 cxd4 4.Nxd4 Nf6 5.Nc3 a6 6.Be3 e6 7.Be2 Be7 8.O-O O-O
9.f4 Nc6 10.Kh1 Qc7 11.Bf3 Bd7 12.g4 Nxd4 13.Bxd4 Bc6 14.Rg1 b5 15.g5 Nd7
16.f5 exf5 17.exf5 Qb7 18.Bxc6 Qxc6+ 19.Rg2 Bxg5 20.Qg4 f6 21.h4 Bh6 22.Be3 Ne5
23.Qg3 Kf7 24.Bxh6 gxh6 25.Qg7+ Ke8 26.Rd1 Rf7 27.Qxh6 Qf3 28.Rxd6 Qf1+ 29.Kh2 Qxf5
30.Nd5 Nf3+ 31.Kg3 Qe5+ 32.Qf4 Qxf4+ 33.Kxf4 Nxh4 34.Rg8+ Rf8 35.Rg7 Ng6+
36.Kf5 Rf7 37.Nxf6+ Kf8 38.Rg8+  1-0

[Event "Grand Prix Open"]
[Site "Galatzi ROM"]
[Date "2007.05.15"]
[Round "9"]
[White "Iordachescu,V"]
[Black "Ardeleanu,A"]
[Result "1/2-1/2"]
[WhiteElo "2587"]
[BlackElo "2407"]

1.e4 c5 2.Nf3 d6 3.d4 cxd4 4.Nxd4 Nf6 5.Nc3 a6 6.Be3 e5 7.Nf3 Qc7 8.a4 h6
9.a5 Be6 10.Be2 Nbd7 11.O-O Be7 12.Nd5 Nxd5 13.exd5 Bf5 14.c4 O-O 15.b4 Bh7
16.Rc1 Rac8 17.Qb3 Kh8 18.Nd2 f5 19.f4 exf4 20.Bxf4 b6 21.axb6 Qxb6+ 22.Be3 Qb7
23.c5 dxc5 24.bxc5 Qxb3 25.Nxb3 Bg8 26.c6 Nf6 27.Bxa6 Nxd5 28.Bd4 Rc7 29.Bb7 Bg5
30.Be5 Bxc1 31.Rxc1 Re8 32.Bxc7 Nxc7 33.Nc5 Bd5 34.Na6 Re7 35.Nb4 Be4 36.Bc8 Kg8
37.Bd7 Re5 38.Ra1 Rc5 39.Ra2 Nb5 40.Ra5 Rc1+ 41.Kf2 Nd4 42.Ra8+ Kf7 43.Ra7 Nb5
44.Rb7 Nd6 45.Ra7 Nb5 46.Rb7 Nd6  1/2-1/2

[Event "Stuttgarter Stadtmeisterschaft"]
[Site "Gerlingen GER"]
[Date "2007.05.17"]
[Round "1"]
[White "Hirneise,J"]
[Black "Savchenko,S"]
[Result "0-1"]
[WhiteElo "2088"]
[BlackElo "2545"]

1.e4 c5 2.Nf3 d6 3.d4 cxd4 4.Nxd4 Nf6 5.Nc3 a6 6.Be3 e5 7.Nb3 Be6 8.f3 h5
9.Qd2 Nbd7 10.O-O-O Qc7 11.Kb1 Be7 12.g3 Rc8 13.Qf2 b5 14.Nd5 Nxd5 15.exd5 Bf5
16.Bd3 Bxd3 17.Rxd3 O-O 18.Rc1 a5 19.Qe1 Ra8 20.Nd2 Qb7 21.Qe2 f5 22.c4 Rac8
23.Ra3 bxc4 24.Nxc4 Qxd5 25.Rxa5 Qe6 26.Qd3 Nf6 27.Ra6 e4 28.fxe4 fxe4 29.Qd4 Ng4
30.Bf4 e3 31.Nxe3 Rxc1+ 32.Kxc1 Nxe3 33.Bxe3 Qc8+  0-1

[Event "16th TCh-CRO"]
[Site "Sibenik CRO"]
[Date "2007.05.20"]
[Round "4"]
[White "Palac,M"]
[Black "Cvitan,O"]
[Result "1/2-1/2"]
[WhiteElo "2568"]
[BlackElo "2540"]

1.e4 c5 2.Nf3 d6 3.d4 cxd4 4.Nxd4 Nf6 5.Nc3 a6 6.Be3 e6 7.Be2 Be7 8.a4 Nc6
9.O-O O-O 10.f4 Qc7 11.Qe1 Nxd4 12.Bxd4 e5 13.Be3 exf4 14.Bxf4 Be6  1/2-1/2

[Event "16th TCh-CRO"]
[Site "Sibenik CRO"]
[Date "2007.05.21"]
[Round "5"]
[White "Brkic,A"]
[Black "Palac,M"]
[Result "1/2-1/2"]
[WhiteElo "2567"]
[BlackElo "2568"]

1.e4 c5 2.Nf3 d6 3.d4 cxd4 4.Nxd4 Nf6 5.Nc3 a6 6.Be3 e6 7.f3 b5 8.Qd2 b4
9.Na4 Nbd7 10.c4 Qc7 11.Be2 Rb8 12.Rd1 Be7  1/2-1/2

[Event "3rd UKR Games Men"]
[Site "Evpatoria UKR"]
[Date "2007.05.22"]
[Round "2"]
[White "Fedorchuk,S"]
[Black "Borovikov,V"]
[Result "1/2-1/2"]
[WhiteElo "2603"]
[BlackElo "2584"]

1.e4 c5 2.Nf3 d6 3.d4 cxd4 4.Nxd4 Nf6 5.Nc3 a6 6.Be3 e5 7.Nf3 Be7 8.Bc4 O-O
9.O-O Be6 10.Bxe6 fxe6 11.Na4 Nfd7 12.c4 Nc6 13.b4 Nxb4 14.Rb1 Nc6 15.Rxb7 Na5
16.Rxd7 Qxd7 17.Nb6 Qc6 18.Nxa8 Rxa8 19.c5  1/2-1/2

[Event "3rd UKR Games Men"]
[Site "Evpatoria UKR"]
[Date "2007.05.23"]
[Round "4"]
[White "Stets,D"]
[Black "Krupko,A"]
[Result "1-0"]
[WhiteElo "2380"]
[BlackElo "2116"]

1.e4 c5 2.Nf3 d6 3.d4 cxd4 4.Nxd4 Nf6 5.Nc3 a6 6.Be3 e6 7.g4 h6 8.Bg2 e5
9.Nf5 g6 10.Qe2 gxf5 11.exf5 Rg8 12.h3 Nc6 13.O-O-O Qa5 14.f4 Bd7 15.Qf2 Be7
16.g5 exf4 17.Bb6 Qxf5 18.gxf6 Bxf6 19.Be4 Qh5 20.Nd5 Be5 21.Bf3 Qf5 22.Qh4 Rc8
23.Nc7+ Rxc7 24.Bxc7 Qg5 25.Qf2 Qf6 26.Rhe1 Be6 27.Qb6 Nd4 28.Bxb7 Rg3 29.Bxd6 Re3
30.Bc6+ Nxc6 31.Qxc6+ Bd7  1-0

[Event "50th TCh-SRB Cup"]
[Site "Mataruska Banja SRB"]
[Date "2007.05.26"]
[Round "6"]
[White "Pikula,D"]
[Black "Popovic,Du"]
[Result "1-0"]
[WhiteElo "2512"]
[BlackElo "2557"]

1.e4 c5 2.Nf3 d6 3.d4 cxd4 4.Nxd4 Nf6 5.Nc3 a6 6.Be3 e5 7.Nb3 Be6 8.f4 exf4
9.Bxf4 Nc6 10.Qe2 Be7 11.h3 O-O 12.O-O-O Qc7 13.g4 Rfe8 14.g5 Nd7 15.Qd2 Nce5
16.Nd5 Bxd5 17.exd5 Bf8 18.h4 g6 19.h5 Bg7 20.hxg6 hxg6 21.Qh2 Nb6 22.Kb1 Na4
23.Bc1 Rac8 24.Rd4 Nf3 25.Qh7+ Kf8 26.Rc4 Nc5 27.Nxc5 dxc5 28.Bh3 Qe5 29.Rc3 Qxd5
30.Bxc8 Rxc8 31.Qh3 Bxc3 32.Qxc8+ Ke7 33.Qc7+  1-0

[Event "8th United Insurance"]
[Site "Dhaka BAN"]
[Date "2007.05.27"]
[Round "1"]
[White "Rahman,SM"]
[Black "Gopal,G"]
[Result "0-1"]
[WhiteElo "2247"]
[BlackElo "2455"]

1.e4 c5 2.Nf3 d6 3.d4 cxd4 4.Nxd4 Nf6 5.Nc3 a6 6.Be3 e5 7.Nb3 Be6 8.f3 h5
9.Qd2 Nbd7 10.O-O-O Be7 11.Kb1 Qc7 12.f4 b5 13.Nd5 Nxd5 14.exd5 Bf5 15.Bd3 Bxd3
16.Qxd3 Rc8 17.c3 O-O 18.Qe2 exf4 19.Bxf4 Bf6 20.Rhe1 Nb6 21.Rd3 g6 22.Be3 Nc4
23.Qf2 Be5 24.Bd4 Rfe8 25.h3 Qd7 26.Rf3 Bxd4 27.Nxd4 Rxe1+ 28.Qxe1 Re8 29.Qd1 Qe7
30.b3 Qe4+ 31.Nc2 Na3+ 32.Kb2 Nxc2 33.Qxc2 Qxd5 34.Rd3 Qe5 35.Qd2 Re6 36.Rd5 Qf6
37.b4 Qf1 38.Qc2 Kg7 39.Rd2 h4 40.a4 Qf6 41.axb5 axb5 42.Qd3 Qe5 43.Kb3 Qg5
44.Qd4+ Kg8 45.Kc2 Qf5+ 46.Qd3 Qe5 47.Kb3 Qe1 48.Rd1 Qe2 49.Qd5 Re3 50.Rd2 Qf1
51.Qxd6 Qc4+  0-1

[Event "50th TCh-SRB Cup"]
[Site "Mataruska Banja SRB"]
[Date "2007.05.27"]
[Round "7"]
[White "Perunovic,Mil"]
[Black "Nikolic,Milo"]
[Result "1-0"]
[WhiteElo "2562"]
[BlackElo "2307"]

1.e4 c5 2.Nf3 d6 3.d4 cxd4 4.Nxd4 Nf6 5.Nc3 a6 6.Be3 e5 7.Nf3 Be7 8.Bc4 O-O
9.O-O h6 10.Qe2 Be6 11.Bb3 Nbd7 12.Rfd1 b5 13.a3 Qc7 14.Nh4 Nc5 15.Bxe6 fxe6
16.Ng6 Rfd8 17.b4 Nb7 18.Rd3 Kf7 19.Nxe7 Qxe7 20.Rad1 Rac8 21.f4 Rc4 22.Qf3 Qc7
23.Bd2 Rd4 24.f5 exf5 25.Qxf5 Rxd3 26.cxd3 Kg8 27.Rf1 Rf8 28.Nd5 Qd8 29.Qe6+ Kh7
30.Ne7 Qe8 31.Qf5+ g6 32.Qe6 Rf7 33.Rxf6 Rxe7 34.Qh3 h5 35.Qf3 Qg8 36.Rf8 Qg7
37.Bg5 Rd7 38.Ra8 Rf7 39.Qe2 Rf8 40.Rxf8 Qxf8 41.Qc2 Qf7 42.Qc6 Kg7 43.h4 Kh7
44.Qxa6 Qd7 45.Qa8 Kg7 46.Qb8 Qf7 47.Qc8 d5 48.Qb8 dxe4 49.dxe4 Qd7 50.Qxe5+ Kh7
51.Qd5 Nd6 52.e5 Qa7+ 53.Qc5  1-0

[Event "ch-St Petersburg"]
[Site "St Petersburg RUS"]
[Date "2007.05.29"]
[Round "1"]
[White "Matlakov,M"]
[Black "Makarov,M"]
[Result "0-1"]
[WhiteElo "2440"]
[BlackElo "2515"]

1.e4 c5 2.Nf3 d6 3.d4 cxd4 4.Nxd4 Nf6 5.Nc3 a6 6.Be3 e5 7.Nde2 Be7 8.Ng3 g6
9.Be2 h5 10.Bg5 Be6 11.Nf1 Nbd7 12.Ne3 Rc8 13.Bf3 Qb6 14.Bxf6 Nxf6 15.Rb1 Bf8
16.O-O Bh6 17.Re1 O-O 18.Re2 Qc5 19.Qd3 b5 20.a3 Rfd8 21.g3 Kg7 22.Bg2 Qd4
23.Rd1 Qxd3 24.Rxd3 Bxe3 25.Rexe3 a5 26.Rd2 b4 27.Nb5 Ne8 28.Bf1 Kf8 29.c3 bxa3
30.Nxa3 Ke7 31.f3 Rb8 32.Nb5 Rdc8 33.Re1 Rc5 34.Na3 Nf6 35.Red1 g5 36.Bg2 h4
37.g4 d5 38.exd5 Nxd5 39.Kf2 Nb6 40.b4 Rxc3 41.Nb5 axb4 42.Nxc3 bxc3 43.Re2 Nd5
44.Rxe5 Rb2+ 45.Kg1 Nb4 46.Rc5 c2 47.Rc7+ Kf6 48.Rf1 Nd5 49.Rc1 Nxc7  0-1

[Event "Doroshkevich Mem"]
[Site "Belorechensk RUS"]
[Date "2007.05.31"]
[Round "3"]
[White "Aslakhanov,T"]
[Black "Krivenko,S"]
[Result "1-0"]
[WhiteElo "2066"]
[BlackElo "2142"]

1.e4 c5 2.Nf3 d6 3.d4 cxd4 4.Nxd4 Nf6 5.Nc3 a6 6.Be3 e6 7.f3 b5 8.Qd2 b4
9.Na4 Nbd7 10.c4 Qc7 11.Be2 Nc5 12.Qxb4 Rb8 13.Qa3 d5 14.Nxc5 Qxc5 15.Qxc5 Bxc5
16.Nc6 Bxe3 17.Nxb8 dxe4 18.Nc6 Bc5 19.O-O-O Nd7 20.fxe4 Bb7 21.Nd4 Ne5 22.Bf3 g5
23.h3 Ke7 24.b3 h5 25.Nc2 Rc8 26.Bxh5  1-0

[Event "ch-St Petersburg"]
[Site "St Petersburg RUS"]
[Date "2007.05.31"]
[Round "3"]
[White "Lovkov,R"]
[Black "Lanin,A"]
[Result "1/2-1/2"]
[WhiteElo "2427"]
[BlackElo "2465"]

1.e4 c5 2.Nf3 d6 3.d4 cxd4 4.Nxd4 Nf6 5.Nc3 a6 6.Be3 e5 7.Nb3 Be6 8.Qd2 Be7
9.O-O-O Nbd7 10.f4 Ng4 11.Kb1 Nxe3 12.Qxe3 exf4 13.Qxf4 O-O 14.h4 Rc8 15.g4 Bf6
16.Nd5 Be5 17.Qf3 Nb6 18.Rd2 a5 19.Nd4 Na4 20.c4 Bxd5 21.exd5 Bxd4 22.Rxd4 Re8
23.Rd1 Qb6 24.Qa3 Nc5 25.Bd3  1/2-1/2

[Event "35th World Open"]
[Site "King of Prussia USA"]
[Date "2007.06.01"]
[Round "3"]
[White "Rensch,D"]
[Black "Aramil,W"]
[Result "0-1"]
[WhiteElo "2382"]
[BlackElo "2222"]

1.e4 c5 2.Nf3 d6 3.d4 cxd4 4.Nxd4 Nf6 5.Nc3 a6 6.Be3 e5 7.Nb3 Be7 8.f3 Be6
9.Qd2 O-O 10.O-O-O a5 11.Qe1 Qc8 12.a4 Nc6 13.Kb1 Rd8 14.g4 d5 15.Bb6 d4
16.Bxd8 Bxd8 17.Na2 Nd7 18.f4 exf4 19.Bb5 Bxg4 20.Rd2 Nde5 21.Qf1 f3 22.Nxd4 Bh3
23.Qf2 Bg2 24.Rhd1 Bg5 25.Nf5 Bxd2 26.Qg3 Ng6 27.Rxd2 Qe6 28.Qc7 Qxe4 29.Qxb7 Rf8
30.Nc3 Qxf5 31.Bxc6 Qf4 32.Rd1 Qxh2 33.Bxf3 Bxf3 34.Qxf3 Qf4 35.Qd5 Qc7 36.Nb5 Qb6
37.Qb3 h5 38.Rd6 Qg1+ 39.Ka2 h4 40.Nd4 Qg4 41.Nc6 Kh7 42.Nd4 h3 43.Nf3 Qg3
44.Rd5 f5 45.Qe3 Qf4 46.Qxf4 Nxf4 47.Rd4 g5 48.Nxg5+ Kg6 49.Nf3 Ng2 50.c4 Kh5
51.c5 f4 52.Rd5+ Kg4 53.Ne5+ Kg3 54.Rd3+ Ne3  0-1

[Event "Doroshkevich Mem"]
[Site "Belorechensk RUS"]
[Date "2007.06.02"]
[Round "5"]
[White "Skorchenko,D"]
[Black "Yandarbiev,R"]
[Result "1/2-1/2"]
[WhiteElo "2463"]
[BlackElo "2408"]

1.e4 c5 2.Nf3 d6 3.d4 cxd4 4.Nxd4 Nf6 5.Nc3 a6 6.Be3 e5 7.Nb3 Be6 8.f3 Nbd7
9.g4 Be7 10.Qd2 O-O 11.O-O-O Qc7 12.g5 Nh5 13.Kb1 Rfc8 14.Qf2 Qd8 15.h4 Rxc3
16.bxc3 Qc7 17.Qe1  1/2-1/2

[Event "8th United Insurance"]
[Site "Dhaka BAN"]
[Date "2007.06.02"]
[Round "8"]
[White "Mohammad,J"]
[Black "Mohammad,Ali"]
[Result "0-1"]
[WhiteElo "2267"]
[BlackElo "2200"]

1.e4 c5 2.Nf3 d6 3.d4 cxd4 4.Nxd4 Nf6 5.Nc3 a6 6.Be3 e5 7.Nb3 Be6 8.f3 Nbd7
9.g4 h6 10.Qd2 Be7 11.O-O-O Qc7 12.h4 Nb6 13.Qf2 Nfd7 14.Kb1 O-O-O 15.Nd5 Bxd5
16.exd5 Kb8 17.c4 Rc8 18.Rc1 Na4 19.Qd2 Bf6 20.Rc2 e4 21.fxe4 Rce8 22.Bd3 Nac5
23.Nxc5 Nxc5 24.Bxc5 Qxc5 25.Qf2 Bd4 26.Qxf7 Ref8 27.Qd7 Be5 28.Rd1 Rf2 29.Rxf2 Qxf2
30.Bc2 Qb6 31.Bb3 Rf8 32.c5 Qxc5 33.Qa4 Qb6 34.Qa3 Rf3 35.g5 hxg5 36.hxg5 Rg3
37.g6 Rxg6 38.Bc2 Rg3 39.Bd3 g5 40.Qb3 Qxb3 41.axb3 Rg2 42.Bc2 g4 43.Rf1 g3
44.Rf8+ Ka7 45.Rg8 Rg1+ 46.Ka2 g2 47.b4 Kb6 48.Kb3 Kc7 49.Kc4 b5+ 50.Kd3 Bxb2
51.Kd2 Be5 52.Bd1 Bf4+ 53.Ke2 Bh2 54.Rg7+ Kd8 55.Rg4 Rxd1 56.Rxg2 Rb1 57.Kd3 Be5
58.Ra2 Ra1  0-1